Riadenie pohybu hlavice robota v priestore
Uložené v:
| Hlavný autor: | |
|---|---|
| Ďalší autori: | |
| Médium: | Rukopis Kniha |
| Jazyk: | Slovak |
| Vydavateľské údaje: |
Bratislava :
STU v Bratislave FEI,
2009
|
| Predmet: | |
| Tagy: |
Žiadne tagy, Buďte prvý, kto otaguje tento záznam!
|
MARC
| LEADER | 00000ntm a22000003a 4500 | ||
|---|---|---|---|
| 001 | stu190830 | ||
| 005 | 20150617230047.4 | ||
| 008 | 090928s2009------------------------slo-d | ||
| 040 | |a STU |b slo | ||
| 041 | 0 | |a slo | |
| 100 | 1 | |a Uhrík, Milan, |d 1984- |4 aut |u E020 |U FEI Fakulta elektrotechniky a informatiky |T FEI Ústav elektroenergetiky a aplikovanej elektrotechniky |X 11880 |U E020 |Y 548 |7 A000011880 | |
| 245 | 1 | |a Riadenie pohybu hlavice robota v priestore | |
| 260 | |a Bratislava : |b STU v Bratislave FEI, |c 2009 | ||
| 300 | |a 58 s |c príl. 7 s. | ||
| 650 | 7 | |a automatizácia |2 stusub | |
| 650 | 7 | |a kybernetika |2 stusub | |
| 650 | 7 | |a riadenie pohybu |2 stusub | |
| 650 | 7 | |a pohyb robota |2 stusub | |
| 700 | 1 | |a Murgaš, Ján, |d 1951- |4 ths |u E011 |U FEI Fakulta elektrotechniky a informatiky |T FEI Ústav robotiky a kybernetiky |X 4933 |U E011 |Y 356 |7 A000004933 | |